LEADER 02820nam a2200493 a 4500 001 000000137349 003 CaOOAMICUS 005 20170605092456.0 008 140213m20139999it u000 u ita r 020 $a978-88-311-9048-0 (t. 1)* 020 $a978-88-311-9051-0 (t. 2)* 020 $a978-88-311-9050-3 (t. 1)* 020 $a978-88-311-9049-7 (t. 2)* 032 $aLibriCat 040 $aPUL$bita 100 1 $aRosmini Serbati, Antonio,$cI.D.C.,$d1797-1855.$0(OLS)http://pul/name/586 245 10$aFilosofia del diritto /$cAntonio Rosmini ; a cura di Michele Nicoletti e Francesco Ghia. 246 05$aFilosofia della morale 260 $aRoma :$bCittà Nuova,$c©2013- 300 $av. ;$c24 cm. 490 1 $aOpere edite ed inedite di Antonio Rosmini.$aFilosofia della morale ;$v27, 27/A, 28, 28/A 500 $aSul front.: "Istituto di Studi filosofici. Centro Internazionale di Studi Rosminiani". 504 $aComprende indicazioni bibliografiche. 700 1 $aGhia, Francesco.$0(OLS)http://pul/name/55698 700 1 $aNicoletti, Michele,$d1956-$0(OLS)http://pul/name/13650 710 2 $aCentro internazionale di studi rosminiani.$0(OLS)http://pul/name/5776 710 2 $aIstituto di studi filosofici.$0(OLS)http://pul/name/672 800 1 $aRosmini Serbati, Antonio,$cI.D.C.,$d1797-1855.$tOpere ;$v27, 27/A, 28, 28/A.$0(OLS)http://pul/nameTitle/640$0(OLS)http://pul/name/586$0(OLS)http://pul/title/5258 830 0$aOpere edite ed inedite di Antonio Rosmini (Città Nuova).$pFilosofia della morale ;$v27, 27/A, 28, 28/A.$0(OLS)http://pul/title/160840 850 $aPUL 852 $aPUL$W1$xSL Filosofia 1$y2$m93 B 85.27$j158357$bt. 1$qStampati$B157862$CPULBib$Z2$F157862 $H123467 $82 852 $aPUL$W1$xSL Filosofia 1$y2$m93 B 85.27A$j185023$bt. 2$qStampati$B188219$CPULBib$Z2$F188219 $H129757 $81 852 $aPUL$W1$xSL Filosofia 1$y2$m93 B 85.28$j185024$bt. 1$qStampati$B188220$CPULBib$Z2$F188220 $H129758 $81 852 $aPUL$W1$xSL Filosofia 1$y2$m93 B 85.28A$j185025$bt. 2$qStampati$B188221$CPULBib$Z2$F188221 $H129759 $81 910 $aCentro di studi rosminiani (Stresa)$95776 941 1 $a8 996 $6020$a978-88-311-9048-0 (t. 1)*$9(OLS)http://pul/number/154489 996 $6020$a978-88-311-9051-0 (t. 2)*$9(OLS)http://pul/number/162792 996 $6020$a978-88-311-9050-3 (t. 1)*$9(OLS)http://pul/number/162791 996 $6020$a978-88-311-9049-7 (t. 2)*$9(OLS)http://pul/number/162790 996 $6245$aFilosofia del diritto$9(OLS)http://pul/title/13165 996 $6246$aFilosofia della morale$9(OLS)http://pul/title/24172 996 $6260$aRoma :$bCittà Nuova$9(OLS)http://pul/publisher/47927 LEADER 01627nam a2200361 a 4500 001 000000171854 003 CaOOAMICUS 005 20190508122854.0 008 190508m20149999it f u000 u ita r 020 $a978-88-343-3775-2* 032 $aLibriCat 040 $aPUL$bita 245 00$aEquilibri e disequilibri geopolitici nel mondo antico / $ca cura di Cinzia Bearzot, Franca Landucci, Giuseppe Zecchini. 260 $aMilano :$bVita e pensiero,$c©2018. 300 $aX, 129 p. ;$c22 cm 490 1 $aStoria. Ricerche 490 1 $aContributi di storia antica ;$v16 504 $aInclude riferimenti bibliografici. 650 4$aGeopolitica$yAntichità.$0(OLS)http://pul/subject/45944 700 1 $aBearzot, Cinzia,$d1955-$0(OLS)http://pul/name/23261 700 1 $aLanducci Gattinoni, Franca,$d1953-$0(OLS)http://pul/name/51152 700 1 $aZecchini, Giuseppe,$d1952-$0(OLS)http://pul/name/2054 830 0$aContributi di storia antica ;$v16.$0(OLS)http://pul/title/100735 830 0$aRicerche (Vita e Pensiero).$pStoria.$0(OLS)http://pul/title/174438 850 $aPUL 852 $aPUL$W1$xDP1 Cons. Gen., Altre Classi 1$y22$m389 C 83$j195692$qStampati$B200539$CPULBib$Z2$F200539 $H132679 $82 941 1 $a8 983 0$aStoria.$pRicerche (Vita e pensiero) 983 0$aV & P. Storia. Ricerche. 996 $6020$a978-88-343-3775-2*$9(OLS)http://pul/number/166027 996 $6245$aEquilibri e disequilibri geopolitici nel mondo antico / $9(OLS)http://pul/title/212708 996 $6260$aMilano :$bVita e pensiero$9(OLS)http://pul/publisher/48016